Vida de San Marcelo / (Record n. 1114)

Dettagli MARC
000 -LEADER
fixed length control field 00587nam a2200193 i 4500
003 - CONTROL NUMBER IDENTIFIER
control field IT-RoINE
005 - DATE AND TIME OF LATEST TRANSACTION
control field 20131212155718.0
008 - FIXED-LENGTH DATA ELEMENTS--GENERAL INFORMATION
fixed length control field 131212s1943 sp |||||r|||| 000 0bspa d
040 ## - CATALOGING SOURCE
Original cataloging agency IT-RoINE
Transcribing agency IT-RoINE
100 1# - MAIN ENTRY--PERSONAL NAME
9 (RLIN) 668
Personal name González Ruiz, José María,
Dates associated with a name 1916-2005
245 1# - TITLE STATEMENT
Title Vida de San Marcelo /
Statement of responsibility, etc José González.
260 ## - PUBLICATION, DISTRIBUTION, ETC. (IMPRINT)
Place of publication, distribution, etc [Madrid] :
Name of publisher, distributor, etc [Blass],
Date of publication, distribution, etc 1943.
300 ## - PHYSICAL DESCRIPTION
Extent 155 p., [5] h. de lám. ;
Dimensions 15 cm.
336 ## - CONTENT TYPE
Source rdacontent
Content type term text
337 ## - MEDIA TYPE
Source rdamedia
Media type term unmediated
338 ## - CARRIER TYPE
Source rdacarrier
Carrier type term volume
600 04 - SUBJECT ADDED ENTRY--PERSONAL NAME
Personal name Marcelo,
Titles and other words associated with a name Santo,
Dates associated with a name m. 309
General subdivision Biografía
9 (RLIN) 2080
942 ## - ADDED ENTRY ELEMENTS (KOHA)
Item type Monografías
Dati di copia
Withdrawn status Lost status Damaged status Not for loan Home library Current library Date acquired Total Checkouts Full call number Barcode Date last seen Price effective from Koha item type
        Iglesia Nacional Española en Roma Iglesia Nacional Española en Roma 12/12/2013   BIO 335 1289 12/12/2013 12/12/2013 Monografías